000 01240 a2200193 4500
001 32098
005 20260407155622.0
008 260407a1976 arg spa d
003 AR-UNSa-BCEJYS
040 _aAR-UNSa-BCEJYS
_bspa
_cAR-UNSa-BCEJYS
080 _a658
_xAdministración de empresas. Organización comercial
245 1 0 _aAdministración metodología y evolución de las ideas
264 1 _aBuenos Aires :
_bEl Coloquio
_c1976
300 _a374 p.
_c22 cm.
505 _a1. La epistemología y la administración - 2. Posturas epitemológicas. Universo y contenidos científicos - 3. El método científico - 4. Metodología de aplicación a la administracón - 5. Fundamentos e introducción - 6. La escuela de administración científica - 7. La escuela de administración industrial y general - 8. La escuela neoclásica - 9. Las escuelas de relaciones humanas - 10. La escuela de sociología industrial y la escuela de administración de personal y relaciones industriales - 11. La escuela estructuralista- Teorías de la burocracia - 12. La escuela teoría de la organización - 13. La escuela de la teoría de los sistemas.
942 _cBK
590 _aniveau_biblio:m niveau_hierar:0
100 1 _aHermida, Jorge Alfredo
999 _c2252
_d2252